Ces rappeurs qui ont changé de nom de scène - Statistiques

Statistiques générales
  • Ce quiz a été pris 46 fois
  • Le résultat moyen est 5 sur 9
Statistiques - réponses
Ancien pseudo Pseudo actuel % Correct
Maître Gims Gims
98%
Nek le Fennec Nekfeu
93%
Juliano135 Jul
75%
Schneider SCH
65%
Black Mesrines Black M
63%
Joke Ateyaba
35%
Bramsou Gazo
33%
Fresh Kaaris
13%
Deusté Stavo
10%
Aucun quiz correspondant
Distribution des résultats
% des personnes avec chaque résultat
Percentile par nombre de réponses
Votre historique - résultats
Vous n’avez pas pris ce quiz